| 000 | 01254cam a2200301 a 4500 | ||
|---|---|---|---|
| 001 | 3982999 | ||
| 003 | ARRUPE | ||
| 005 | 20170209143127.0 | ||
| 008 | 881207s1988 sw b 000 0 eng d | ||
| 010 | _a 95101490 | ||
| 035 | _a(OCoLC)18852440 | ||
| 040 |
_aMiEM _cMiEM _dOCoLC _dDLC |
||
| 042 | _alccopycat | ||
| 043 | _af-bs--- | ||
| 050 | 0 | 0 | _aQ180.B55H35 1987 |
| 100 | 0 |
_aHaile Lul Tebicke. _928726 |
|
| 245 | 1 | 0 |
_aResearch environment in Botswana : _ba study of the state and conditions of experimental research in the agricultural, engineering, life and physical sciences in Botswana / _cby Haile Lul Tebicke. |
| 260 |
_aStockholm : _bSAREC, _c1987 |
||
| 300 |
_axx, 50 p. ; _c25 cm. |
||
| 440 | 0 |
_aSAREC documentation. _pResearch surveys, _x0283-5290 _928727 |
|
| 650 | 0 |
_aResearch _xGovernment policy _zBotswana. _928728 |
|
| 650 | 0 |
_aAgriculture _xResearch _xGovernment policy _zBotswana. _928729 |
|
| 650 | 0 |
_aEngineering _xResearch _xGovernment policy _zBotswana. _928730 |
|
| 650 | 0 |
_aLife sciences _xResearch _xGovernment policy _zBotswana. _928731 |
|
| 906 |
_a7 _bcbc _ccopycat _d3 _encip _f19 _gy-gencatlg |
||
| 942 |
_2lcc _cMONOGRAPH |
||
| 999 |
_c126083 _d126083 |
||